| 000 | 00636nam a22002177a 4500 | ||
|---|---|---|---|
| 005 | 20260401115638.0 | ||
| 008 | 260401b |||||||| |||| 00| 0 eng d | ||
| 020 | _a9788123914480 | ||
| 040 | _cAL | ||
| 041 | _aEnglish | ||
| 082 |
_a621.31 _bHUSE |
||
| 100 |
_aAshfaq Husain _9259985 |
||
| 245 | _aElectrical power systems | ||
| 250 | _a5. | ||
| 260 |
_aNew Delhi _bCBS Publishers and Distributors Pvt Ltd _c2023 |
||
| 300 |
_axxii,694p. _bPB _c24.5x18cm. |
||
| 365 |
_aVBI-2645 _b₹431.25 _c₹ _d₹575.00 _e25% _f20-02-2026 |
||
| 650 |
_aEngineering _9259986 |
||
| 650 |
_aElectric power transmission _9259987 |
||
| 942 |
_2ddc _cBK |
||
| 999 |
_c241100 _d241100 |
||